00475 2200193 4500001002100000005001500021008004100036020002200077035001900099041000700118082001000125090001600135100001700151245003800168260001700206300003300223500001000256650001500266INLIS00000000000213820241224112500241224||||||||| | ||| |||| || |  a978-979-054-210-5 0010-1224002138 aid0 a611.3 a611.3 ANA m0 aAnandita F.P00aMenjaga Kebersihan Gigi dan Mulut bQuadrac2010 avi, 74 hlm. : ilus, ; 23 cm. aCet.1 0aKebersihan